[Event "Isola del Sole op"]
[Site "Grado"]
[Date "2023.09.28"]
[Round "7"]
[White "Sedina, Elena"]
[Black "Peter Anand, A."]
[Result "1/2-1/2"]
[WhiteElo "2182"]
[BlackElo "1949"]
[PlyCount "123"]
[EventDate "2023.09.23"]
[EventType "swiss"]
[EventRounds "9"]
[EventCountry "ITA"]
[SourceTitle "EXT 2024"]
[Source "ChessBase"]
[SourceDate "2023.10.10"]
[SourceVersion "1"]
[SourceVersionDate "2023.10.10"]
[SourceQuality "1"]

1. e4 e6 2. d4 d5 3. e5 c5 4. c3 Nc6 5. Nf3 Qb6 6. a3 c4 7. Nbd2 Na5 8. Rb1 Bd7 9. h4 Ne7 10. b4 cxb3 11. Nxb3 Ba4 12. Nxa5 Qxa5 13. Qd3 Qc7 14. Rh3 a6 15. Nd2 Rd8 16. Nb3 Nc6 17. f4 h5 18. Be2 Be7 19. Kf2 Bxb3 20. Rxb3 Nxd4 21. cxd4 Qxc1 22. Qe3 Qxe3+ 23. Rhxe3 Rd7 24. g3 g6 25. Rb6 0-0 26. Reb3 Rc8 27. a4 a5 28. Rxb7 Rxb7 29. Rxb7 Bb4 30. f5 exf5 31. Rd7 Rc1 32. Rxd5 Be1+ 33. Kg2 Rc2 34. Kf1 Bxg3 35. Rxa5 f4 36. Rc5 Rd2 37. Rc3 Rxd4 38. Ra3 f3 39. Bxf3 Bxe5 40. a5 Bd6 41. Ra2 Rf4 42. Kf2 Rxh4 43. a6 Bc5+ 44. Kg3 Rd4 45. a7 Bxa7 46. Rxa7 Kg7 47. Bc6 Rd8 48. Rd7 Rxd7 49. Bxd7 g5 50. Bf5 Kf6 51. Bd7 Ke5 52. Be8 Ke6 53. Ba4 f5 54. Be8 h4+ 55. Kh3 Ke5 56. Bd7 Ke4 57. Bc8 Kf4 58. Bd7 Ke5 59. Bc8 Kf4 60. Bd7 g4+ 61. Kxh4 g3 62. Bc6 1/2-1/2

[Event "Isola del Sole op"]
[Site "Grado"]
[Date "2023.09.25"]
[Round "4"]
[White "Peter Anand, A."]
[Black "Palma, Andrea"]
[Result "1-0"]
[WhiteElo "1949"]
[BlackElo "1931"]
[PlyCount "57"]
[EventDate "2023.09.23"]
[EventType "swiss"]
[EventRounds "9"]
[EventCountry "ITA"]
[SourceTitle "EXT 2024"]
[Source "ChessBase"]
[SourceDate "2023.10.10"]
[SourceVersion "1"]
[SourceVersionDate "2023.10.10"]
[SourceQuality "1"]

1. d4 Nf6 2. c4 c5 3. d5 b5 4. cxb5 a6 5. e3 Bb7 6. Nc3 Qa5 7. Bd2 axb5 8. Bxb5 Qb6 9. Bc4 g6 10. Nf3 Bg7 11. 0-0 0-0 12. e4 d6 13. h3 Ba6 14. Bxa6 Nxa6 15. Rb1 Rfb8 16. Qe2 Nd7 17. Rfd1 Nc7 18. Qe3 Ne5 19. Nxe5 Bxe5 20. h4 Nb5 21. a3 Nxc3 22. Bxc3 Bxc3 23. Qxc3 Qb3 24. Qe1 Qa2 25. b4 Qxa3 26. bxc5 Qxc5 27. Rbc1 Qb4 28. Rc8+ Kg7 29. Qxb4 1-0

[Event "Isola del Sole op"]
[Site "Grado"]
[Date "2023.09.24"]
[Round "3"]
[White "Perossa, Nicolas"]
[Black "Peter Anand, A."]
[Result "1/2-1/2"]
[WhiteElo "2265"]
[BlackElo "1949"]
[PlyCount "185"]
[EventDate "2023.09.23"]
[EventType "swiss"]
[EventRounds "9"]
[EventCountry "ITA"]
[SourceTitle "EXT 2024"]
[Source "ChessBase"]
[SourceDate "2023.10.10"]
[SourceVersion "1"]
[SourceVersionDate "2023.10.10"]
[SourceQuality "1"]

1. e4 c6 2. d4 d5 3. Nd2 dxe4 4. Nxe4 Bf5 5. Ng3 Bg6 6. h4 h6 7. Nf3 Nd7 8. Bd3 Bxd3 9. Qxd3 e6 10. Bd2 Ngf6 11. 0-0-0 Be7 12. Kb1 0-0 13. Ne4 Nxe4 14. Qxe4 Nf6 15. Qe2 Qd5 16. Ne5 Qe4 17. Qxe4 Nxe4 18. Be3 Rfd8 19. c3 c5 20. Kc2 cxd4 21. Rxd4 Rxd4 22. Bxd4 a6 23. g4 Rc8 24. f3 Nd6 25. h5 b5 26. Nd3 Nc4 27. b3 Na5 28. Rd1 Nc6 29. Bc5 Bxc5 30. Nxc5 a5 31. Nb7 Kf8 32. f4 Ke7 33. Nd6 Rb8 34. Rd2 g6 35. hxg6 fxg6 36. Ne4 Rf8 37. Rf2 g5 38. fxg5 Rxf2+ 39. Nxf2 hxg5 40. Kd3 Kd6 41. Ke3 Kd5 42. Nd3 Ne7 43. a4 bxa4 44. c4+ Kc6 45. bxa4 Nc8 46. Kd4 Nb6 47. Ne5+ Kc7 48. Nf3 Nxa4 49. Nxg5 Kd7 50. Nf3 Nb6 51. Ne5+ Ke7 52. c5 Nd5 53. Nc6+ Kf6 54. Nxa5 Kg5 55. Nc4 Kf4 56. c6 Nc7 57. Ne5 Na6 58. Nd7 Nc7 59. Ne5 Na6 60. Nd7 Nc7 61. g5 Kxg5 62. Ke5 Kg6 63. Kd6 Nb5+ 64. Kc5 Nc7 65. Kd6 Nb5+ 66. Kc5 Nc7 67. Ne5+ Kf6 68. Nc4 Ke7 69. Kb6 Kd8 70. Kb7 Ne8 71. Ne5 Nd6+ 72. Kb8 Nb5 73. Nc4 Nc7 74. Kb7 Ne8 75. Nd2 e5 76. Ne4 Ke7 77. Kc8 Ng7 78. Kb7 Ne8 79. Kb8 Kd8 80. Ng5 Ke7 81. Kc8 Kd6 82. Kb7 Kd5 83. Kb6 e4 84. Nh3 e3 85. Nf4+ Ke4 86. Ne2 Kd3 87. Ng1 e2 88. Nxe2 Kxe2 89. Kb7 Kd3 90. Kc8 Nd6+ 91. Kd7 Nb5 92. c7 Nxc7 93. Kxc7 1/2-1/2

[Event "Isola del Sole op"]
[Site "Grado"]
[Date "2023.09.23"]
[Round "1"]
[White "Hercegovac, Neven"]
[Black "Peter Anand, A."]
[Result "0-1"]
[WhiteElo "2207"]
[BlackElo "1949"]
[PlyCount "90"]
[EventDate "2023.09.23"]
[EventType "swiss"]
[EventRounds "9"]
[EventCountry "ITA"]
[SourceTitle "EXT 2024"]
[Source "ChessBase"]
[SourceDate "2023.10.10"]
[SourceVersion "1"]
[SourceVersionDate "2023.10.10"]
[SourceQuality "1"]

1. e4 e6 2. d4 d5 3. Nd2 c5 4. exd5 Qxd5 5. Ngf3 cxd4 6. Bc4 Qd8 7. 0-0 Nf6 8. Nb3 Be7 9. Nbxd4 a6 10. a4 Qc7 11. Qe2 0-0 12. Re1 Nc6 13. c3 Bd7 14. Bg5 Rac8 15. Bd3 h6 16. Bh4 Nxd4 17. Nxd4 Rfe8 18. Bc2 Qc4 19. Qf3 Qd5 20. Qd3 Qc4 21. Qf3 Qd5 22. Qg3 Nh5 23. Qd3 Qxg2+ 24. Kxg2 Nf4+ 25. Kg3 Nxd3 26. Bxd3 g5 27. Bxg5 hxg5 28. Be4 Rc7 29. f3 Kg7 30. Bc2 Rh8 31. Kg2 Bd6 32. Rh1 Be5 33. Rad1 Rh4 34. Bb3 Kf6 35. a5 Be8 36. Nc2 Rc5 37. Ne3 Rxa5 38. Ng4+ Rxg4+ 39. fxg4 Bc6+ 40. Kf2 Bxh1 41. Rxh1 Rb5 42. Bc4 Rxb2+ 43. Ke3 Bxh2 44. Bd3 Bf4+ 45. Kd4 Be5+ 0-1

[Event "World-chT Rapid"]
[Site "Dusseldorf"]
[Date "2023.08.28"]
[Round "10"]
[White "Lobkin, Bohdan"]
[Black "Peter Anand, A."]
[Result "1-0"]
[WhiteElo "1795"]
[BlackElo "1949"]
[PlyCount "117"]
[EventDate "2023.08.26"]
[EventType "team-swiss (rapid)"]
[EventRounds "12"]
[EventCountry "GER"]
[SourceTitle "CBM 215 Extra"]
[Source "ChessBase"]
[SourceDate "2023.09.30"]
[SourceVersion "1"]
[SourceVersionDate "2023.09.30"]
[SourceQuality "1"]
[WhiteTeam "Germany and Friends"]
[BlackTeam "Team MGD"]
[WhiteTeamCountry "GER"]
[BlackTeamCountry "IND"]

1. e4 c6 2. d4 d5 3. Nc3 dxe4 4. Nxe4 Bf5 5. Ng3 Bg6 6. c3 e6 7. Bd3 Bxd3 8. Qxd3 Nf6 9. h4 Nbd7 10. Nf3 Qc7 11. Bg5 Bd6 12. Bxf6 Nxf6 13. Ne4 Nxe4 14. Qxe4 Qa5 15. a4 Qd5 16. Qc2 0-0 17. 0-0 Qh5 18. Rfe1 a5 19. Qb3 Rab8 20. c4 Bc7 21. Rad1 Rfd8 22. g3 b5 23. axb5 cxb5 24. Kg2 bxc4 25. Qxc4 Bd6 26. d5 e5 27. Re2 Rb4 28. Qa6 Rb3 29. Ng1 Qg6 30. Rc1 Rbb8 31. Rc6 Ra8 32. Qc4 h6 33. Nf3 Qf5 34. Re4 f6 35. Re2 Kh7 36. Nd2 Bb4 37. Ne4 Qd7 38. Nxf6+ gxf6 39. Rc7 Bd6 40. Rxd7+ Rxd7 41. Qe4+ Kh8 42. Qg6 Rf8 43. Qxh6+ Rh7 44. Qg6 Rg7 45. Qf5 Rd8 46. Qxf6 Rdd7 47. h5 Kh7 48. Rc2 e4 49. Rc6 Bc7 50. Qf5+ Kh8 51. Rh6+ Kg8 52. Qe6+ Rdf7 53. Qc8+ Rf8 54. Rh8+ Kxh8 55. Qxf8+ Kh7 56. d6 Bb6 57. d7 Rg8 58. Qf5+ Kg7 59. Qg6+ 1-0

[Event "IND-ch 59th"]
[Site "New Delhi"]
[Date "2022.12.27"]
[Round "6"]
[White "Peter Anand, A."]
[Black "Avinash, Ramesh"]
[Result "0-1"]
[WhiteElo "1916"]
[BlackElo "2327"]
[PlyCount "102"]
[EventDate "2022.12.22"]
[EventType "swiss"]
[EventRounds "13"]
[EventCountry "IND"]
[SourceTitle "CBM 211 Extra"]
[Source "ChessBase"]
[SourceDate "2023.01.31"]
[SourceVersion "1"]
[SourceVersionDate "2023.01.31"]
[SourceQuality "1"]

1. d4 Nf6 2. c4 g6 3. Nc3 d5 4. Nf3 Bg7 5. Bf4 c5 6. e3 cxd4 7. exd4 0-0 8. c5 b6 9. cxb6 Qxb6 10. Qb3 Qe6+ 11. Be2 Ba6 12. Qc2 Nc6 13. 0-0 Bxe2 14. Nxe2 Rfc8 15. Nc3 Ne4 16. Rad1 Qf5 17. Bc1 Nxc3 18. Qxc3 Ne5 19. Nh4 Qe4 20. Qh3 Nc4 21. Nf3 Qf5 22. Qxf5 gxf5 23. b3 Na5 24. Ba3 Nc6 25. Rfe1 e6 26. Bc5 a5 27. a3 Bf8 28. Rc1 Rab8 29. Bxf8 Kxf8 30. Rc5 Ne7 31. Rxc8+ Rxc8 32. Rb1 Nc6 33. Kf1 Ke7 34. Rc1 f6 35. Ke1 Kd6 36. Kd2 Rb8 37. Rb1 e5 38. dxe5+ fxe5 39. h3 f4 40. Ne1 e4 41. Nc2 d4 42. a4 Rg8 43. Rg1 Kd5 44. Na3 Ne5 45. Kc2 Nf3 46. Rf1 Rxg2 47. Nc4 Nh2 48. Rd1 Rxf2+ 49. Rd2 d3+ 50. Kc3 Rxd2 51. Nxd2 f3 0-1